01271nam a2200277Ia 4500003000900000005001700009008004100026040003800067041000800105084001000113100003400123245017400157260002900331300002700360336002900387337003300416338002800449502009900477650004600576650002100622700005400643856007100697942006400768999001500832952014600847gtgcusco20250428113602.0250425t2000||||xx |||||||||||||| ||spa|| agtgcuscobspacgtgcuscodgtgcusco aspa aT182110aOrtíz Flores, Marco Vinicio 0aCreencias, actitudes y prácticas en relación con la salud oral de la mujer gestante de etnia Quiché, en el municipio de Santo Tomás, La Unión, Suchitepéquez. aGuatemala :bUSAC,c2000 a57 p. :bil. ;c28 cm. atextobtxt2rdacontenido aSin mediaciónbn2rdamedio avolumenbnc2rdasoporte aTesis (Cirujano Dentista) -- Universidad de San Carlos de Guatemala, Facultad de Odontología aModelo de creencias sobre la salud911995 aSalud bucal9854 aCalderón Márquez, Mirna Oldemiaeasesor99424 uhttp://biblioteca.usac.edu.gt/tesis/09/09_1523.pdfzTexto completo aBiblioteca de la Facultad de OdontologíacTESISkT1821n0 c4832d4832 00104070aODONTObODONTOcTesisd2000-03-15eGraduandos. Donacióni10-H-s.n.l0oT1821pT00003560r2025-04-28 11:37:34w2025-04-28yTESIS